Văn bản pháp luật về phòng, chống tệ nạn xã hội

Đã lưu trong:
書目詳細資料
格式: 圖書
語言:Undetermined
出版: Hà Nội CTQG 2001
主題:
標簽: 添加標簽
沒有標簽, 成為第一個標記此記錄!
Thư viện lưu trữ: Trung tâm Học liệu Trường Đại học Cần Thơ
LEADER 00476nam a2200169Ia 4500
001 CTU_62022
008 210402s9999 xx 000 0 und d
020 |b 42000 
082 |a 353.37 
082 |b V115 
245 0 |a Văn bản pháp luật về phòng, chống tệ nạn xã hội 
260 |a Hà Nội 
260 |b CTQG 
260 |c 2001 
650 |a public administration 
904 |i Minh 
980 |a Trung tâm Học liệu Trường Đại học Cần Thơ